000 00384nam a2200169Ia 4500
001 14598
003 GE_BSU
008 181216s||||||||xx |||||||||||||| ||und||
040 _cGE_BSU
245 _aВрач. №11. 2014
245 _cГл.ред. Денисов И.Н.
260 _aМосква
260 _c2014
300 _a87стр.29см.
653 _aВрач
942 _cCR
999 _c47727
_d47727